[Event "DEM U10/U10w 2009"]
[Site "Willingen GER"]
[Date "2009.06.03"]
[Round "6"]
[White "Schirmer, Christoph"]
[Black "Balzer, Alexander"]
[Result "0-1"]
[Termination "normal"]
[Board "28"]
[WhiteElo "1092"]
[BlackElo "1229"]
[PlyCount "116"]
[BlackFideId "34609822"]
[EventCountry "GER"]
[EventRounds "11"]
[EventType "swiss"]
[EventDate "2009.05.30"]

1. e4 c5 2. Nc3 Nc6 3. d3 e5 4. g3 d6 5. Bg2 Be6 6. Nf3 Nge7 7. O-O g6 8. Be3
Bg7 9. Qd2 O-O 10. Bh6 Nd4 11. Nxd4 cxd4 12. Ne2 Bxh6 13. Qxh6 f5 14. h3 d5 15.
exf5 Nxf5 16. Qd2 Qf6 17. g4 Nh4 18. f4 Nxg2 19. Kxg2 e4 20. dxe4 dxe4 21. Qxd4
Qxd4 22. Nxd4 Bd5 23. Kg3 a6 24. f5 Rae8 25. Rae1 Bxa2 26. b3 Rc8 27. Ra1 Bxb3
28. cxb3 gxf5 29. Nxf5 Rc3+ 30. Kf4 Rxb3 31. Kxe4 Rxh3 32. Ne7+ Kg7 33. Rxf8
Kxf8 34. Nf5 Rb3 35. Nd4 Rb4 36. Rf1+ Kg7 37. Rf3 Rc4 38. Kd5 Ra4 39. Ne6+ Kg6
40. g5 Ra5+ 41. Kd6 Rf5 42. Rh3 b5 43. Rh6+ Kf7 44. Rxh7+ Kg8 45. g6 Rf6 46.
Ke7 Rxg6 47. Rf7 b4 48. Rf8+ Kh7 49. Rf4 Rg2 50. Kf7 Rh2 51. Nf8+ Kh6 52. Kg8
b3 53. Rg4 b2 54. Rg1 Rg2+ 55. Rxg2 b1=Q 56. Rh2+ Kg5 57. Nh7+ Kf4 58. Nf6 Qg1+
0-1

[Event "DEM U10/U10w 2009"]
[Site "Willingen GER"]
[Date "2009.06.03"]
[Round "6"]
[White "Schneider, Jana"]
[Black "Schmidt, Tobias"]
[Result "0-1"]
[Termination "normal"]
[Board "29"]
[WhiteElo "886"]
[BlackElo "1205"]
[PlyCount "90"]
[WhiteFideId "12924997"]
[BlackFideId "1271683"]
[EventCountry "GER"]
[EventRounds "11"]
[EventType "swiss"]
[EventDate "2009.05.30"]

1. e4 e6 2. d4 d5 3. exd5 exd5 4. Nc3 Nc6 5. Nf3 Be6 6. Bd3 Nf6 7. O-O Bd6 8.
Re1 O-O 9. Bd2 Qd7 10. Ne2 Rfe8 11. Bf4 Rad8 12. Ng5 Bf5 13. Bxd6 Bxd3 14. Qxd3
Qxd6 15. Ng3 g6 16. Re3 Qb4 17. Qc3 Qxd4 18. Qxd4 Nxd4 19. Rc1 Rxe3 20. fxe3
Nc6 21. Rd1 Re8 22. Re1 Nd4 23. c3 Nc2 24. Re2 Nxe3 25. Nf1 Nxf1 26. Kxf1 Rxe2
27. Kxe2 h6 28. Nf3 Kf8 29. Ne5 Ke7 30. Ke3 Ke6 31. Nf3 c5 32. Kf4 g5+ 33. Ke3
Kf5 34. b3 Ne4 35. Kd3 Kf4 36. c4 d4 37. Ke2 Nc3+ 38. Kd2 Nxa2 39. Ke2 Nc1+ 40.
Kd2 Nxb3+ 41. Kc2 Na5 42. Kd3 Nc6 43. Kc2 Ne5 44. Nxe5 Kxe5 45. h3 Ke4 0-1

[Event "DEM U10/U10w 2009"]
[Site "Willingen GER"]
[Date "2009.06.03"]
[Round "6"]
[White "Kania, Markus"]
[Black "Stukenborg, Rudi"]
[Result "1-0"]
[Termination "normal"]
[Board "30"]
[WhiteElo "1178"]
[BlackElo "1035"]
[PlyCount "161"]
[WhiteFideId "12903736"]
[BlackFideId "1270497"]
[EventCountry "GER"]
[EventRounds "11"]
[EventType "swiss"]
[EventDate "2009.05.30"]

1. Nf3 Nf6 2. b3 d5 3. Bb2 Nc6 4. e3 Bf5 5. Bb5 a6 6. Bxc6+ bxc6 7. Ne5 Bd7 8.
O-O e6 9. d3 c5 10. Nd2 Bd6 11. c4 c6 12. f4 Qc7 13. Rb1 Rg8 14. Rf3 Bc8 15.
Rg3 Nd7 16. Nxd7 Bxd7 17. Rxg7 Rxg7 18. Bxg7 e5 19. Bxe5 Bxe5 20. fxe5 Qxe5 21.
Qf3 Qc3 22. Qe2 Bf5 23. e4 dxe4 24. Nxe4 Qd4+ 25. Qf2 Qxf2+ 26. Kxf2 Rd8 27.
Re1 Bxe4 28. Rxe4+ Kf8 29. Ke3 Rd6 30. d4 cxd4+ 31. Rxd4 Ke7 32. c5 Rxd4 33.
Kxd4 a5 34. a3 Kd7 35. Ke5 Ke7 36. a4 f6+ 37. Kf5 Kf7 38. g4 Ke7 39. h4 Kf7 40.
g5 fxg5 41. hxg5 Kg7 42. Ke5 Kg6 43. Kd6 Kxg5 44. Kxc6 h5 45. Kb6 h4 46. c6 h3
47. c7 h2 48. c8=Q h1=Q 49. Qd8+ Kf5 50. Qd7+ Kf6 51. Qd6+ Kf5 52. Kxa5 Qe1+
53. b4 Qe4 54. Qc5+ Kf6 55. Qb6+ Ke5 56. Ka6 Qa8+ 57. Kb5 Qe8+ 58. Kc4 Qxa4 59.
Qb5+ Qxb5+ 60. Kxb5 Kd6 61. Ka6 Kc7 62. Ka7 Kc6 63. Ka6 Kc7 64. b5 Kb8 65. Kb6
Kc8 66. Ka7 Kd7 67. b6 Ke6 68. b7 Kf5 69. b8=Q Ke4 70. Qd6 Kf5 71. Qe7 Kf4 72.
Kb6 Kf5 73. Kc5 Kf4 74. Kd4 Kf3 75. Qe3+ Kg2 76. Qf4 Kh1 77. Qg4 Kh2 78. Ke3
Kh1 79. Kf2 Kh2 80. Qg3+ Kh1 81. Qh3# 1-0

[Event "DEM U10/U10w 2009"]
[Site "Willingen GER"]
[Date "2009.06.03"]
[Round "6"]
[White "Kempe, Anne"]
[Black "Döpper, Anna Berenice"]
[Result "1-0"]
[Termination "normal"]
[Board "31"]
[WhiteElo "1168"]
[BlackElo "919"]
[PlyCount "51"]
[WhiteFideId "12918083"]
[BlackFideId "1271853"]
[EventCountry "GER"]
[EventRounds "11"]
[EventType "swiss"]
[EventDate "2009.05.30"]

1. e4 e6 2. d4 d5 3. Nd2 Nf6 4. e5 Nfd7 5. f4 c5 6. c3 Nc6 7. Ne2 Qb6 8. Nf3
Be7 9. g3 O-O 10. Bh3 cxd4 11. cxd4 Qb4+ 12. Qd2 Qxd2+ 13. Bxd2 b6 14. O-O Ba6
15. Rfe1 Nb4 16. Bxb4 Bxb4 17. Nc3 Rac8 18. Rec1 Rc7 19. a3 Be7 20. Nd1 Rfc8
21. Rxc7 Rxc7 22. Ne3 Bd3 23. f5 exf5 24. Bxf5 Bxf5 25. Nxf5 Bg5 26. Nxg5 1-0

[Event "DEM U10/U10w 2009"]
[Site "Willingen GER"]
[Date "2009.06.03"]
[Round "6"]
[White "Rost, Henning"]
[Black "Hutton, Jim"]
[Result "1-0"]
[Termination "normal"]
[Board "32"]
[WhiteElo "880"]
[BlackElo "1167"]
[PlyCount "109"]
[EventCountry "GER"]
[EventRounds "11"]
[EventType "swiss"]
[EventDate "2009.05.30"]

1. e4 e6 2. Nf3 d5 3. exd5 exd5 4. c3 Nc6 5. d4 Nf6 6. Bd3 Bg4 7. h3 Bh5 8. O-O
Qd7 9. Re1+ Be7 10. Bg5 O-O-O 11. Nbd2 h6 12. Bh4 Kb8 13. Qb3 b6 14. Bb5 Rhe8
15. Ne5 Qd6 16. Nxc6+ Kb7 17. Nxd8+ Rxd8 18. Be2 Bg6 19. Bg3 Qd7 20. Qb5 Qxb5
21. Bxb5 Bd6 22. Bxd6 Rxd6 23. Re2 a6 24. Ba4 b5 25. Bd1 Kb6 26. b3 c5 27. b4
cxb4 28. cxb4 a5 29. a3 Ne4 30. Nxe4 dxe4 31. Rd2 f5 32. Bb3 a4 33. Ba2 f4 34.
Re1 Kc6 35. g3 f3 36. d5+ Kd7 37. Bb1 e3 38. fxe3 Bxb1 39. Rxb1 Rg6 40. Kf2 Rf6
41. Rd4 Kd6 42. Rf4 Rxf4 43. gxf4 Kxd5 44. Kxf3 Ke6 45. Rd1 Ke7 46. Kg4 g5 47.
Rd5 gxf4 48. exf4 Ke6 49. Rxb5 Kf6 50. h4 h5+ 51. Rxh5 Ke6 52. Rg5 Kf6 53. h5
Kf7 54. h6 Kf6 55. h7 1-0

[Event "DEM U10/U10w 2009"]
[Site "Willingen GER"]
[Date "2009.06.03"]
[Round "6"]
[White "Hermann, Tobias"]
[Black "Kim, Yu-Mi"]
[Result "1-0"]
[Termination "normal"]
[Board "33"]
[WhiteElo "1161"]
[BlackElo "824"]
[PlyCount "128"]
[WhiteFideId "12903701"]
[BlackFideId "12955361"]
[EventCountry "GER"]
[EventRounds "11"]
[EventType "swiss"]
[EventDate "2009.05.30"]

1. e4 e5 2. Nf3 Nf6 3. Nxe5 d6 4. Nf3 Nxe4 5. Nc3 Nf6 6. d4 d5 7. Bf4 Nc6 8.
Qd2 Bb4 9. Bd3 Qe7+ 10. Be3 O-O 11. O-O-O Re8 12. Bg5 Bg4 13. h3 Bh5 14. g4 Bg6
15. Bxg6 fxg6 16. Qd3 Ne4 17. Bxe7 Nxf2 18. Bxb4 Nxd3+ 19. Rxd3 Nxb4 20. Rdd1
Re6 21. Ng5 Ra6 22. a3 Nc6 23. Nxd5 Ra5 24. c4 b5 25. cxb5 Rxb5 26. Nxc7 Rxg5
27. Nxa8 Rd5 28. Nc7 Rxd4 29. Rxd4 Nxd4 30. Rd1 Ne2+ 31. Kc2 Nf4 32. h4 h5 33.
gxh5 gxh5 34. Rd7 Ng2 35. Ne6 Nxh4 36. Rxg7+ Kh8 37. Rg5 Nf3 38. Rxh5+ Kg8 39.
Rg5+ Nxg5 40. Nxg5 Kf8 41. Ne6+ Ke7 42. Nc5 Kd6 43. b4 Kc6 44. Kc3 Kb5 45. a4+
Kb6 46. Kc4 a5 47. b5 Kc7 48. Nb3 Kb6 49. Nxa5 Kxa5 50. Kd5 Kb6 51. Kd6 Kb7 52.
a5 Ka7 53. Kc7 Ka8 54. a6 Ka7 55. b6+ Kxa6 56. b7 Kb5 57. b8=Q+ Kc5 58. Qb6+
Kd5 59. Qd6+ Ke4 60. Kc6 Kf3 61. Qd5+ Ke3 62. Kc5 Kf2 63. Kd6 Ke3 64. Ke5 Kf2 {
...} 1-0

[Event "DEM U10/U10w 2009"]
[Site "Willingen GER"]
[Date "2009.06.03"]
[Round "6"]
[White "Wächter, Nathalie"]
[Black "Reuker, Jari"]
[Result "0-1"]
[Termination "normal"]
[Board "34"]
[WhiteElo "804"]
[BlackElo "1147"]
[PlyCount "136"]
[WhiteFideId "12921033"]
[BlackFideId "12909300"]
[EventCountry "GER"]
[EventRounds "11"]
[EventType "swiss"]
[EventDate "2009.05.30"]

1. e4 c5 2. Nf3 Nc6 3. d4 cxd4 4. Nxd4 g6 5. Nc3 Bg7 6. Be3 Nf6 7. Be2 O-O 8.
O-O d5 9. exd5 Nxd5 10. Nxd5 Qxd5 11. c3 e5 12. Nb5 Qe4 13. Qd2 Bf5 14. Nd6 Qc2
15. Nxf5 Qxd2 16. Bxd2 gxf5 17. Bc4 Na5 18. Bd5 Rfd8 19. c4 Nxc4 20. Bxc4 Rxd2
21. b4 Rd4 22. Rfc1 a6 23. a3 e4 24. Be2 Rd2 25. Kf1 Bxa1 26. Rxa1 Rc8 27. f4
Rdc2 28. Re1 Rc1 29. Bd1 Rd8 30. Ke2 Kf8 31. a4 Ke7 32. a5 Rd4 33. h3 Kd6 34.
g4 fxg4 35. hxg4 Kc7 36. Rf1 b6 37. b5 axb5 38. a6 Kb8 39. g5 Ka7 40. Rh1 Kxa6
41. f5 b4 42. Rxh7 Rdxd1 43. g6 b3 44. gxf7 Rd8 45. Rg7 b2 46. Rg8 Rcc8 47. Rg1
Rc1 48. Rg8 b1=Q 49. Rxd8 Qa2+ 50. Rd2 Qxf7 51. f6 Qh5+ 52. Ke3 Qf3+ 53. Kd4
Qxf6+ 54. Kxe4 Rc4+ 55. Ke3 Qf4+ 56. Ke2 Re4+ 57. Kd1 Rd4 58. Rxd4 Qxd4+ 59.
Ke2 Qc3 60. Kd1 Qb2 61. Ke1 Qc2 62. Kf1 Qd2 63. Kg1 Qe2 64. Kh1 b5 65. Kg1 b4
66. Kh1 b3 67. Kg1 b2 68. Kh1 b1=R# 0-1

[Event "DEM U10/U10w 2009"]
[Site "Willingen GER"]
[Date "2009.06.03"]
[Round "6"]
[White "Puls, Olivia"]
[Black "Fieberg, Samuel"]
[Result "0-1"]
[Termination "normal"]
[Board "35"]
[WhiteElo "822"]
[BlackElo "1125"]
[PlyCount "124"]
[BlackFideId "12901717"]
[EventCountry "GER"]
[EventRounds "11"]
[EventType "swiss"]
[EventDate "2009.05.30"]

1. e4 e5 2. f4 exf4 3. Nf3 Be7 4. Bc4 Nf6 5. Nc3 d6 6. d4 O-O 7. Bxf4 Nxe4 8.
Qd3 Nxc3 9. Qxc3 d5 10. Bd3 Re8 11. O-O Nc6 12. Rae1 Bb4 13. Rxe8+ Qxe8 14. Qb3
Qd8 15. Bb5 Be7 16. Qe3 Bd7 17. Ne5 Nxe5 18. Bxd7 Nxd7 19. Qg3 Bh4 20. Qg4 Bf6
21. Bh6 g6 22. Qf3 Qe8 23. Qf4 c6 24. Bg5 Bxg5 25. Qxg5 Qf8 26. Rf5 Re8 27. h4
Kh8 28. Rf4 Qe7 29. Qg4 Nf6 30. Qg5 Qe3+ 31. Kh2 Nh5 32. Rg4 Qxg5 33. Rxg5 f5
34. g4 fxg4 35. Rxg4 Re2+ 36. Rg2 Rxg2+ 37. Kxg2 Kg7 38. Kf3 Kf6 39. Kg4 Ng7
40. b3 Ne6 41. c3 h5+ 42. Kg3 Kf5 43. a4 Ke4 44. b4 Kd3 45. b5 Kxc3 46. bxc6
bxc6 47. Kf3 Kxd4 48. Ke2 c5 49. Kd2 c4 50. Kc2 a5 51. Kc1 Kc3 52. Kd1 Kb2 53.
Kd2 c3+ 54. Kd1 c2+ 55. Kd2 c1=Q+ 56. Kd3 Qc4+ 57. Kd2 Qc3+ 58. Ke2 Nd4+ 59.
Kf2 Qf3+ 60. Ke1 Nc2+ 61. Kd2 Qe3+ 62. Kd1 Qe1# 0-1

[Event "DEM U10/U10w 2009"]
[Site "Willingen GER"]
[Date "2009.06.03"]
[Round "6"]
[White "Stobbe, Frederik"]
[Black "Rogozenco, Teodora Nana"]
[Result "0-1"]
[Termination "normal"]
[Board "36"]
[WhiteElo "1185"]
[BlackElo "798"]
[PlyCount "92"]
[BlackFideId "12938084"]
[EventCountry "GER"]
[EventRounds "11"]
[EventType "swiss"]
[EventDate "2009.05.30"]

1. e4 c5 2. Nf3 d6 3. d4 cxd4 4. Nxd4 Nf6 5. Nc3 g6 6. Be3 Bg7 7. f3 O-O 8. Qd2
Nc6 9. O-O-O Bd7 10. h4 h5 11. Be2 a6 12. Rhg1 b5 13. g4 b4 14. Nd5 a5 15.
Nxf6+ exf6 16. gxh5 Qe8 17. Bh6 Nxd4 18. Bxg7 Nxe2+ 19. Qxe2 Kxg7 20. Qe3 Qe7
21. h6+ Kh7 22. h5 Rg8 23. Rh1 Rgc8 24. Kb1 Be6 25. Qd3 Rd8 26. Rdg1 d5 27. e5
Bf5 28. exf6 Qxf6 29. Qe3 d4 30. Qg5 Qxg5 31. Rxg5 a4 32. Re1 Re8 33. Rd1 Rad8
34. b3 axb3 35. axb3 d3 36. Kc1 dxc2 37. Rxd8 Rxd8 38. Rg1 Kxh6 39. hxg6 fxg6
40. f4 Kg7 41. Re1 Kf6 42. Rh1 Ke6 43. Re1+ Kd6 44. Re2 Kc5 45. Rd2 Rh8 46. Re2
Rh1+ 0-1

[Event "DEM U10/U10w 2009"]
[Site "Willingen GER"]
[Date "2009.06.03"]
[Round "6"]
[White "Walker, Julia"]
[Black "Sadewasser, Lucie"]
[Result "0-1"]
[Termination "normal"]
[Board "37"]
[WhiteElo "1066"]
[BlackElo "989"]
[PlyCount "41"]
[WhiteFideId "1271852"]
[BlackFideId "12905445"]
[EventCountry "GER"]
[EventRounds "11"]
[EventType "swiss"]
[EventDate "2009.05.30"]

1. e4 e5 2. Nf3 Nc6 3. Bc4 Nf6 4. d3 Bc5 5. Nc3 d6 6. Bg5 Bg4 7. Nd5 Nd4 8.
Nxf6+ gxf6 9. Bh4 Nxf3+ 10. gxf3 Bh5 11. Rg1 Qd7 12. Rg3 O-O-O 13. Qe2 Rhg8 14.
O-O-O f5 15. Rdg1 Rxg3 16. fxg3 Bxg1 17. Bg5 Rg8 18. Bh4 f4 19. g4 Bg6 20. Qd2
Be3 21. Qxe3 0-1

[Event "DEM U10/U10w 2009"]
[Site "Willingen GER"]
[Date "2009.06.03"]
[Round "6"]
[White "Kast, Larissa"]
[Black "Moses, Selina"]
[Result "0-1"]
[Termination "normal"]
[Board "38"]
[WhiteElo "1011"]
[BlackElo "1044"]
[PlyCount "124"]
[WhiteFideId "24699055"]
[BlackFideId "12908070"]
[EventCountry "GER"]
[EventRounds "11"]
[EventType "swiss"]
[EventDate "2009.05.30"]

1. d4 d6 2. c4 Nd7 3. Nc3 e5 4. e3 Be7 5. Bd2 Ngf6 6. Nge2 O-O 7. Ng3 Re8 8.
Be2 c6 9. O-O Bf8 10. Qc2 g6 11. Rfe1 Bg7 12. Rad1 a6 13. b3 b5 14. Nce4 exd4
15. exd4 Qe7 16. Bf3 Nxe4 17. Bxe4 Qd8 18. Bxc6 Rb8 19. Rxe8+ Qxe8 20. cxb5
axb5 21. Re1 Qd8 22. Bxd7 Bxd7 23. Bc3 Rc8 24. Qd2 Qc7 25. Bb2 Qc2 26. Qxc2
Rxc2 27. Rb1 Rd2 28. h3 Bxd4 29. Bxd4 Rxd4 30. Re1 Be6 31. Re2 Rd1+ 32. Kh2 d5
33. Rc2 d4 34. Ne4 Bf5 35. f3 Bxe4 36. fxe4 Kf8 37. a4 d3 38. Ra2 bxa4 39. bxa4
d2 40. a5 Rh1+ 41. Kxh1 d1=Q+ 42. Kh2 Qd6+ 43. Kh1 Qb8 44. a6 Qb1+ 45. Kh2 Qxa2
46. a7 Qxa7 47. h4 Qf2 48. Kh3 Qf4 49. e5 g5 50. hxg5 Qxg5 51. e6 fxe6 52. g4
h5 53. gxh5 Qxh5+ 54. Kg3 Qf5 55. Kg2 Qf4 56. Kh1 Qg4 57. Kh2 Kf7 58. Kh1 Kf6
59. Kh2 Kf5 60. Kh1 Kf4 61. Kh2 Kf3 62. Kh1 Qg2# 0-1

[Event "DEM U10/U10w 2009"]
[Site "Willingen GER"]
[Date "2009.06.03"]
[Round "6"]
[White "Schmitt, Marco"]
[Black "Wallat, Jessica"]
[Result "1-0"]
[Termination "normal"]
[Board "40"]
[WhiteElo "993"]
[BlackElo "1045"]
[PlyCount "105"]
[BlackFideId "12909637"]
[EventCountry "GER"]
[EventRounds "11"]
[EventType "swiss"]
[EventDate "2009.05.30"]

1. e4 e5 2. Nf3 Nc6 3. Bc4 Bc5 4. c3 Nf6 5. d3 h6 6. Bb3 a6 7. h3 Ba7 8. Nbd2
d6 9. Nf1 Qe7 10. Ng3 Be6 11. Bc2 O-O-O 12. Nh4 g5 13. Nhf5 Bxf5 14. Nxf5 Qd7
15. O-O Rdg8 16. d4 exd4 17. cxd4 Na5 18. e5 dxe5 19. dxe5 Qxd1 20. Rxd1 Rd8
21. exf6 Rxd1+ 22. Bxd1 Nc4 23. Be2 Ne5 24. Be3 Bxe3 25. fxe3 h5 26. g4 h4 27.
b3 Rd8 28. Rd1 Re8 29. Bc4 b5 30. Bd5 Kb8 31. Nh6 Rf8 32. Rf1 c6 33. Rf5 cxd5
34. Rxe5 Ka7 35. Rxd5 Kb7 36. Rxg5 Kc7 37. Nf5 Kd7 38. Nxh4 Ke6 39. Rf5 Rh8 40.
Nf3 Kd7 41. Kg2 Ke8 42. h4 Kd7 43. g5 Ke8 44. Kg3 Rh7 45. Kg4 Kf8 46. h5 Ke8
47. g6 fxg6 48. hxg6 Rh6 49. f7+ Kf8 50. g7+ Kxg7 51. f8=Q+ Kg6 52. Rg5+ Kh7
53. Qg8# 1-0

[Event "DEM U10/U10w 2009"]
[Site "Willingen GER"]
[Date "2009.06.03"]
[Round "6"]
[White "Simon, Tessa"]
[Black "Michalowski, Sophia"]
[Result "1-0"]
[Termination "normal"]
[Board "41"]
[WhiteElo "1032"]
[BlackElo "951"]
[PlyCount "71"]
[WhiteFideId "12929395"]
[BlackFideId "12902454"]
[EventCountry "GER"]
[EventRounds "11"]
[EventType "swiss"]
[EventDate "2009.05.30"]

1. e4 d5 2. exd5 Qxd5 3. Nc3 Qa5 4. d4 c6 5. Nf3 Bf5 6. Bc4 Qb4 7. Bb3 e6 8.
O-O Bd6 9. Bd2 Qb6 10. Re1 Ne7 11. Qe2 Qc7 12. g3 O-O 13. Nh4 Bh3 14. Qh5 c5
15. d5 c4 16. Ba4 Qc5 17. Nf3 Bf5 18. dxe6 fxe6 19. Qh4 Ng6 20. Qg5 a6 21. Nh4
Be7 22. Qe3 Qd6 23. Nxg6 Bxg6 24. Qxe6+ Qxe6 25. Rxe6 b5 26. Rxe7 bxa4 27. Nxa4
Nc6 28. Rc7 Be8 29. Re1 Na5 30. Bxa5 Bxa4 31. b3 cxb3 32. axb3 Be8 33. Ree7 Bg6
34. Rxg7+ Kh8 35. Bc3 Rad8 36. Rxg6+ 1-0

[Event "DEM U10/U10w 2009"]
[Site "Willingen GER"]
[Date "2009.06.03"]
[Round "6"]
[White "Reimers, Kim"]
[Black "Lohmüller, Gedeon"]
[Result "1-0"]
[Termination "normal"]
[Board "42"]
[WhiteElo "901"]
[BlackElo "1015"]
[PlyCount "153"]
[WhiteFideId "12930377"]
[EventCountry "GER"]
[EventRounds "11"]
[EventType "swiss"]
[EventDate "2009.05.30"]

1. e4 e5 2. Nf3 Nc6 3. d4 exd4 4. Nxd4 Nxd4 5. Qxd4 Nf6 6. Bc4 b6 7. O-O Bc5 8.
Qd3 Bb7 9. Nc3 O-O 10. Bg5 h6 11. Bh4 Re8 12. Rae1 Bd6 13. f4 Bc5+ 14. Kh1 d6
15. a3 b5 16. Bxb5 Re7 17. b4 Bb6 18. a4 a6 19. Bc4 a5 20. b5 Qd7 21. Qg3 Kf8
22. Qd3 Rae8 23. Bd5 Qc8 24. Re2 c6 25. bxc6 Bxc6 26. Bxc6 Qxc6 27. Nd5 Rb7 28.
Nxf6 gxf6 29. Bxf6 Reb8 30. Qg3 Qc4 31. Qg7+ Ke8 32. Qg8+ Kd7 33. Qg4+ Kc6 34.
Qf3 Kc7 35. Qc3 Qxc3 36. Bxc3 Bc5 37. Bxa5+ Kc8 38. Bc3 Bb4 39. Bg7 h5 40. c3
Bc5 41. Bd4 Bxd4 42. cxd4 Rb1 43. Ree1 R1b4 44. Rc1+ Kd7 45. Ra1 Rxd4 46. Rfe1
f6 47. a5 f5 48. e5 dxe5 49. fxe5 Re4 50. Rxe4 fxe4 51. Kg1 Ke6 52. Kf2 Kxe5
53. Ke3 Rb3+ 54. Ke2 Rb2+ 55. Kf1 e3 56. a6 Rb8 57. Ke2 Ke4 58. Ra4+ Ke5 59.
Kxe3 Rb3+ 60. Kf2 Rb8 61. a7 Ra8 62. Kf3 Kf5 63. h3 Kg6 64. g4 hxg4+ 65. hxg4
Rf8+ 66. Ke4 Ra8 67. g5 Kxg5 68. Kd5 Kf6 69. Kc6 Ke7 70. Kb7 Kd7 71. Kxa8 Kc7
72. Rc4+ Kb6 73. Kb8 Kb5 74. Rc1 Kb6 75. a8=Q Kb5 76. Qb7+ Ka5 77. Ra1# 1-0

[Event "DEM U10/U10w 2009"]
[Site "Willingen GER"]
[Date "2009.06.03"]
[Round "6"]
[White "Lederer, Leia"]
[Black "Reyher, Susan"]
[Result "0-1"]
[Termination "normal"]
[Board "43"]
[WhiteElo "944"]
[BlackElo "1004"]
[PlyCount "66"]
[WhiteFideId "12926353"]
[BlackFideId "24686107"]
[EventCountry "GER"]
[EventRounds "11"]
[EventType "swiss"]
[EventDate "2009.05.30"]

1. e4 e5 2. Nf3 Nc6 3. Bb5 Bc5 4. Nxe5 Nxe5 5. d4 a6 6. Ba4 Qh4 7. dxc5 Qxe4+
8. Qe2 Qxa4 9. Qxe5+ Ne7 10. O-O Qc6 11. Nc3 b5 12. Re1 Qe6 13. Bg5 O-O 14. Qg3
Nf5 15. Qf3 Qc6 16. Nd5 Bb7 17. Rad1 Rfe8 18. Kf1 Rxe1+ 19. Kxe1 Re8+ 20. Kf1
Qe6 21. h3 Kh8 22. c6 Bxc6 23. Rc1 Bxd5 24. Qd1 Qd6 25. Qe1 Rxe1+ 26. Rxe1 h6
27. Bd2 Bc4+ 28. Kg1 Qxd2 29. Re8+ Kh7 30. g4 Nh4 31. Re1 Qxe1+ 32. Kh2 Qxf2+
33. Kh1 Qg2# 0-1

[Event "DEM U10/U10w 2009"]
[Site "Willingen GER"]
[Date "2009.06.03"]
[Round "6"]
[White "Dopmann, Sina"]
[Black "Müller, Sophie"]
[Result "1/2-1/2"]
[Termination "normal"]
[Board "45"]
[WhiteElo "1035"]
[BlackElo "842"]
[PlyCount "39"]
[BlackFideId "12926698"]
[EventCountry "GER"]
[EventRounds "11"]
[EventType "swiss"]
[EventDate "2009.05.30"]

1. e4 e5 2. d3 Nc6 3. Be2 Nf6 4. Nf3 Bc5 5. O-O b6 6. Nbd2 Bb7 7. c3 Qe7 8. Qc2
O-O 9. b4 Bd6 10. Bb2 Ba6 11. a4 Bb7 12. b5 Nd8 13. Nc4 a6 14. Qb3 g6 15. Ba3
Bxa3 16. Rxa3 d6 17. Rfa1 Nh5 18. g3 d5 19. Ncxe5 dxe4 20. dxe4 1/2-1/2

[Event "DEM U10/U10w 2009"]
[Site "Willingen GER"]
[Date "2009.06.03"]
[Round "6"]
[White "Gheng, Christian"]
[Black "Mager, Denis"]
[Result "0-1"]
[Termination "normal"]
[Board "46"]
[WhiteElo "1386"]
[BlackElo "1497"]
[PlyCount "32"]
[WhiteFideId "24660345"]
[BlackFideId "24691127"]
[EventCountry "GER"]
[EventRounds "11"]
[EventType "swiss"]
[EventDate "2009.05.30"]

1. e4 e6 2. d4 d5 3. Nd2 c5 4. exd5 Qxd5 5. Ndf3 Nc6 6. c4 Qe4+ 7. Ne2 cxd4 8.
Nfxd4 Bb4+ 9. Bd2 Nxd4 10. Bxb4 Nc2+ 11. Kd2 Nxb4 12. Qa4+ Nc6 13. f3 Qe5 14.
Re1 Qxb2+ 15. Kd1 Bd7 16. Nf4 Nd4 0-1

[Event "DEM U10/U10w 2009"]
[Site "Willingen GER"]
[Date "2009.06.03"]
[Round "7"]
[White "Lagunow, Raphael"]
[Black "Sawlin, Leonid"]
[Result "0-1"]
[Termination "normal"]
[Board "1"]
[WhiteElo "1491"]
[BlackElo "1853"]
[PlyCount "62"]
[WhiteFideId "24652644"]
[BlackFideId "4689542"]
[EventCountry "GER"]
[EventRounds "11"]
[EventType "swiss"]
[EventDate "2009.05.30"]

1. Nf3 d5 2. g3 c5 3. Bg2 Nc6 4. O-O Nf6 5. d3 e6 6. Nbd2 Be7 7. e4 O-O 8. Re1
Qc7 9. b3 Rd8 10. Bb2 b6 11. a3 Bb7 12. Qe2 Rac8 13. exd5 Nxd5 14. Ne4 Nd4 15.
Bxd4 cxd4 16. Nxd4 Nf4 17. gxf4 Rxd4 18. c3 Rdd8 19. f5 exf5 20. Ng3 Bf6 21.
Nxf5 Bxg2 22. Kxg2 Qd7 23. Ne7+ Bxe7 24. Qxe7 Qg4+ 25. Kh1 h6 26. Qe3 Rxc3 27.
Rg1 Qh5 28. Qf4 Rcxd3 29. Qc7 Qf3+ 30. Rg2 Rd1+ 31. Rxd1 Rxd1# 0-1

[Event "DEM U10/U10w 2009"]
[Site "Willingen GER"]
[Date "2009.06.03"]
[Round "7"]
[White "Mager, Denis"]
[Black "Scholz, Robert"]
[Result "1-0"]
[Termination "normal"]
[Board "2"]
[WhiteElo "1497"]
[BlackElo "1497"]
[PlyCount "83"]
[WhiteFideId "24691127"]
[BlackFideId "1270301"]
[EventCountry "GER"]
[EventRounds "11"]
[EventType "swiss"]
[EventDate "2009.05.30"]

1. Nf3 d5 2. c4 dxc4 3. e3 Nf6 4. Bxc4 e6 5. Nc3 c5 6. O-O a6 7. a4 b6 8. d4
Bb7 9. dxc5 Qxd1 10. Rxd1 Bxc5 11. Nd4 O-O 12. Nce2 Rd8 13. Bd2 Nbd7 14. Bc3
Rac8 15. Bd3 h6 16. Rac1 Ne4 17. Bxe4 Bxe4 18. Nb3 Be7 19. Ng3 Bb7 20. Bd4 Rxc1
21. Rxc1 Rc8 22. Rxc8+ Bxc8 23. Kf1 Bb7 24. e4 Bc6 25. a5 b5 26. Nd2 Bb4 27.
Bc3 Bd6 28. b4 Ne5 29. Ke2 Kf8 30. f3 g5 31. Ke3 Ke8 32. Ke2 Bd7 33. Ngf1 f5
34. h3 Ke7 35. Ne3 Nf7 36. Nc2 e5 37. Ne3 fxe4 38. Nxe4 Bb8 39. Kd3 Bc8 40. Nc5
Nd6 41. Bxe5 Ba7 42. Nd5+ 1-0

[Event "DEM U10/U10w 2009"]
[Site "Willingen GER"]
[Date "2009.06.03"]
[Round "7"]
[White "Schmekel, Florian"]
[Black "Bauer, Björn-Benny"]
[Result "1-0"]
[Termination "normal"]
[Board "3"]
[WhiteElo "1410"]
[BlackElo "1603"]
[PlyCount "71"]
[WhiteFideId "12913456"]
[BlackFideId "24698741"]
[EventCountry "GER"]
[EventRounds "11"]
[EventType "swiss"]
[EventDate "2009.05.30"]

1. d4 Nf6 2. c4 c5 3. d5 b5 4. cxb5 a6 5. bxa6 Bxa6 6. Nc3 d6 7. e4 Bxf1 8.
Kxf1 g6 9. Nf3 Bg7 10. g3 O-O 11. Kg2 Nfd7 12. Be3 Ne5 13. Nxe5 Bxe5 14. Bh6
Re8 15. Rf1 Nd7 16. f4 Bh8 17. f5 Qb6 18. Rf2 c4 19. Qf3 Ne5 20. Qd1 Nd3 21.
Rc2 Reb8 22. Qd2 Qa6 23. fxg6 hxg6 24. Rf1 Rb7 25. b3 Ne5 26. Qf2 cxb3 27. axb3
Rxb3 28. Ra2 Qb7 29. Rxa8+ Qxa8 30. Qa2 Qb7 31. Qa5 Rb2+ 32. Kg1 Kh7 33. Bf4
Nc4 34. Qa4 Rb4 35. Qe8 Kg7 36. Bh6+ 1-0

[Event "DEM U10/U10w 2009"]
[Site "Willingen GER"]
[Date "2009.06.03"]
[Round "7"]
[White "Rempe, Moritz"]
[Black "Baskin, Robert"]
[Result "0-1"]
[Termination "normal"]
[Board "4"]
[WhiteElo "1362"]
[BlackElo "1697"]
[PlyCount "94"]
[WhiteFideId "12906867"]
[BlackFideId "24662402"]
[EventCountry "GER"]
[EventRounds "11"]
[EventType "swiss"]
[EventDate "2009.05.30"]

1. e4 c5 2. Nf3 a6 3. a4 e6 4. d4 cxd4 5. Nxd4 Nf6 6. Bd3 Be7 7. O-O d6 8. Nc3
O-O 9. Be3 b6 10. Qe2 Bb7 11. f3 Nbd7 12. Qf2 Rc8 13. Qe2 Nc5 14. Rfc1 Re8 15.
b4 Nxd3 16. cxd3 d5 17. Rab1 e5 18. Nf5 d4 19. Bxd4 exd4 20. Na2 g6 21. Ng3 Qd7
22. a5 b5 23. Qf2 Red8 24. Ne2 Rxc1+ 25. Rxc1 Ne8 26. g4 Bd6 27. h4 Rc8 28.
Rxc8 Qxc8 29. Nec1 Be5 30. Nb3 Qd7 31. Nc5 Qe7 32. g5 Nd6 33. Nc1 Bf4 34. Qxd4
Bxc1 35. Nxb7 Nxb7 36. Qc3 Be3+ 37. Kg2 Qd7 38. Kg3 Bd4 39. Qd2 Qc7+ 40. f4 Qc3
41. Qe2 Qxb4 42. Qg4 Qc5 43. Qd7 Nd6 44. Qd8+ Kg7 45. Qa8 Bg1 46. e5 Qf2+ 47.
Kg4 Nf5 0-1